Chargement en cours...
Nanotechnology for telecommunications /
| Auteur principal: | |
|---|---|
| Langue: | Undetermined |
| Publié: |
New York :
CRC Press ,
2010.
|
| Sujets: |
| LEADER | 00535nam a2200169Ia 4500 | ||
|---|---|---|---|
| 001 | 174071 | ||
| 008 | 170722s9999 xx 000 0 und d | ||
| 020 | |a 9781420053258 | ||
| 100 | |a Anwar, Sohail | ||
| 245 | |a Nanotechnology for telecommunications / | ||
| 260 | |a New York : |b CRC Press , |c 2010. | ||
| 300 | |a Ppxvi+435 | ||
| 653 | |a Nano Technology | ||
| 923 | |d 20120903 |n 269 | ||
| 942 | |c GEN | ||
| 999 | |c 147415 |d 147415 | ||
| 952 | |0 0 |1 0 |4 0 |6 D_920BD654_Q0 |7 0 |9 207864 |a LIB |b LIB |d 2013-03-25 |e D C Books |o D920bD65,4 Q0 |p 286992 |r 2017-08-12 |w 2017-08-12 |y GEN | ||